000 00576nam a22002057a 4500
001 nam a22 7a 4500
003 OSt
005 20210930144214.0
007 nam a22 7a 4500
008 210930b |||||||| |||| 00| 0 eng d
010 _a nam a22 7a 4500
020 _a387944524
040 _cHU
082 _a519.2/NEL/1995
100 _aNelson Randoph
_98732
245 _aProbability, Stochastic Processes, and Queueing Theory / The Mathematics of Computer Performance Modeling /
260 _bSpringer
_c1995
300 _a583p
942 _2ddc
_cBOOKS
_n0
999 _c8086
_d8086